000 00472nmm a2200169Ia 4500
008 251105s9999||||xx |||||||||||||||||und||
020 _a9788446043829
041 _aspa
100 _aRousseau, Jean-Jaques
245 0 _aEl contrato social
264 _a[Madrid, España] :
_bAkal,
_c2017
300 _a240 páginas
490 _aBásica de Bolsillo
650 _aPolitical Science (General)
856 _uhttps://public.digitaliapublishing.com/a/50926
942 _cCF
999 _c83070
_d83070